काव्या परम्परा और नई कविता की भूमिका / (Record no. 121988)

MARC details
000 -LEADER
fixed length control field 01171nam a22002657a 4500
005 - DATE AND TIME OF LATEST TRANSACTION
control field 20170124103223.0
010 ## - LIBRARY OF CONGRESS CONTROL NUMBER
LC control number B-350869
020 ## - INTERNATIONAL STANDARD BOOK NUMBER
Terms of availability 60.00
035 ## - SYSTEM CONTROL NUMBER
System control number B-350869
037 ## - SOURCE OF ACQUISITION
Source of stock number/acquisition Cen Lib/Ret
040 ## - CATALOGING SOURCE
Original cataloging agency DPL
Language of cataloging HN
082 ## - DEWEY DECIMAL CLASSIFICATION NUMBER
Classification number 821.08
Item number कमल
100 ## - MAIN ENTRY--PERSONAL NAME
Personal name कमल कुमार
9 (RLIN) 123740
245 ## - TITLE STATEMENT
Title काव्या परम्परा और नई कविता की भूमिका /
Statement of responsibility, etc कमल कुमार
246 ## - VARYING FORM OF TITLE
Title proper/short title Kavya prampara aur naye kavita ki bhumika /
Remainder of title by Kamal Kumar
260 ## - PUBLICATION, DISTRIBUTION, ETC. (IMPRINT)
Place of publication, distribution, etc दिल्ली
Name of publisher, distributor, etc प्रेम प्रकाशन
Date of publication, distribution, etc 1987
270 ## - ADDRESS
Address 3012, बल्लीमारन
City दिल्ली
300 ## - PHYSICAL DESCRIPTION
Extent 134पृ. :
Dimensions 20सेमी(सजिल्द)
500 ## - GENERAL NOTE
General note अनुक्रमणिका भी शामिल
650 ## - SUBJECT ADDED ENTRY--TOPICAL TERM
Topical term or geographic name as entry element हिंदी साहित्य का इतिहास
9 (RLIN) 10161
650 ## - SUBJECT ADDED ENTRY--TOPICAL TERM
Topical term or geographic name as entry element हिंदी साहित्य का इतिहास-भार्वत काल
9 (RLIN) 10162
650 ## - SUBJECT ADDED ENTRY--TOPICAL TERM
Topical term or geographic name as entry element Hindi Literature
9 (RLIN) 123741
650 ## - SUBJECT ADDED ENTRY--TOPICAL TERM
Topical term or geographic name as entry element Hindi Literature- Bharvat Period
9 (RLIN) 10164
942 ## - ADDED ENTRY ELEMENTS (KOHA)
Source of classification or shelving scheme Dewey Decimal Classification
Koha item type Hindi Books
Classification part 821.08
Call number suffix कमल

No items available.


© Delhi Public Library
Hit Counter
free hit counter